00516 2200193 4500001002100000005001500021035002000036007000300056008004100059082001200100084001800112100002700130245005900157250001000216260004000226300002500266650001800291990001300309INLIS00000000000067720171012033632 a0010-1017000231ta171012 f 0 ind  a297.633 a297.633 ALK e0 aAlKaaf, Abdullah Zakiy1 aEkonomi dala perspektif Islam /cAbdullah Zakiy AlKaaf aCet.1 aBandung :bCV. Pustaka Setia,c2002 a248hlm ;c16 x 24 cm aEkonomi Islam a1071 522